Návrh konštrukcie a pohonu podvozku mulčo-vacej frézy.(Design of construction and drive of undercar-riage of mulching machine) [CD-ROM] : Diplomová práca
Guardado en:
| Autor principal: | |
|---|---|
| Otros Autores: | |
| Formato: | Manuscrito Libro |
| Lenguaje: | eslovaco |
| Publicado: |
Bratislava :
STU v Bratislave SjF,
2007
|
| Materias: | |
| Etiquetas: |
Sin Etiquetas, Sea el primero en etiquetar este registro!
|
MARC
| LEADER | 00000ntm a22000003a 4500 | ||
|---|---|---|---|
| 001 | stu157858 | ||
| 005 | 20150617225956.7 | ||
| 008 | 080213s2007----xo------------------slo-d | ||
| 040 | |a STU |b slo | ||
| 041 | 0 | |a slo | |
| 044 | |a xo | ||
| 100 | 1 | |a Brídzik, Jozef, |d 1983- |4 aut |u J130 |9 100 |U SjF Ústav dopravnej techniky a konštruovania |T SjF Katedra časti strojov |X 28624 |U J130 |Y 39 |7 A000028624 | |
| 245 | 1 | |a Návrh konštrukcie a pohonu podvozku mulčo-vacej frézy.(Design of construction and drive of undercar-riage of mulching machine) [CD-ROM] : |b Diplomová práca | |
| 260 | |a Bratislava : |b STU v Bratislave SjF, |c 2007 | ||
| 300 | |a 79 s | ||
| 650 | 7 | |a nosič |2 stusub | |
| 650 | 7 | |a pásový podvozok |2 stusub | |
| 650 | 7 | |a hydrostatický pohon |2 stusub | |
| 650 | 7 | |a mulčovacia fréza |2 stusub | |
| 650 | 7 | |a carrier |2 estusub | |
| 650 | 7 | |a track undercarriage |2 estusub | |
| 650 | 7 | |a hydrostatic drive |2 estusub | |
| 650 | 7 | |a mulching machine |2 estusub | |
| 700 | 1 | |a Gulan, Ladislav, |d 1956- |4 xxx |u J130 |U SjF Ústav dopravnej techniky a konštruovania |T SjF Katedra časti strojov |X 2356 |U J130 |Y 39 |7 A000002356 | |
| 700 | 1 | |a Maník, Radovan, |d 1972- |4 csl |u J0030 |U SjF Strojnícka fakulta |T SjF Ústav dopravnej techniky a konštruovania |X 36629 |U J0030 |Y 806 |7 A000036629 | |
| 996 | |b 284J032192 |c J*108592 |l JJSK |s A |a 24 |w stu157858_0001 | ||